Đang tải...
Penguins who lost the march/
| Tác giả chính: | |
|---|---|
| Định dạng: | Printed Book |
| Ngôn ngữ: | English |
| Được phát hành: |
Calicut:
Yeti Books,
2006.
|
| LEADER | 00487nam a22001457a 4500 | ||
|---|---|---|---|
| 008 | 191206b ||||| |||| 00| 0 eng d | ||
| 999 | |c 346193 |d 346193 | ||
| 020 | |a 818833023x | ||
| 082 | |a 894.812 SAN/P | ||
| 100 | |a Sangita | ||
| 245 | |a Penguins who lost the march/ |c Sangita | ||
| 260 | |a Calicut: |b Yeti Books, |c 2006. | ||
| 300 | |a 79p. | ||
| 942 | |c BK | ||
| 952 | |0 0 |1 0 |2 ddc |4 0 |6 894_812000000000000_SAN_P |7 0 |9 398554 |a ENG |b ENG |c ST1 |d 2019-12-06 |i G106 |l 0 |o 894.812 SAN/P |p ENGG106 |r 2019-12-06 |w 2019-12-06 |y BK | ||